Gli adolescenti e la sessualità /

Gespeichert in:
Bibliographische Detailangaben
1. Verfasser: Davis, Maxine (Verfasst von)
Format: Buch
Sprache:Italienisch
Veröffentlicht: Torino : Dellavalle, [1970!
Tags: Tag hinzufügen
Keine Tags, Fügen Sie das erste Tag hinzu!

MARC

LEADER 00000nam a22000007i 4500
001 IT\ICCU\TO0\1464072
003 ItRI
005 20260115232325.0
008 060112s1970 it |||||| ||||| |||||c
040 |b ita  |c importazione bologna sebina 
041 7 |a ita  |2 ISO-639-2 
100 1 |a Davis, Maxine  |0 IT\ICCU\SBLV\052595  |4 aut 
245 1 4 |a Gli adolescenti e la sessualità /  |c Maxine Davis. 
260 |a Torino :  |b Dellavalle,  |c [1970! 
300 |a 221 p. ;  |c 21 cm. 
942 |2 ddc  |c BK  |n 0 
952 |0 0  |1 0  |4 0  |6 DOC_613_953000000000000_DAV  |7 0  |9 24199  |a BO  |b BO  |d 2026-01-15  |i 85  |l 0  |o DOC 613.953 DAV  |p BO85  |r 2026-01-15 23:23:25  |w 2026-01-15  |x [Sebina 7] [1 v.]  |y BK  |z 1 v. 
999 |c 20600  |d 20600